000 00316nam a2200121Ia 4500
008 220204s9999 xx 000 0 und d
082 _a62-03
_bSMI;1
100 _aCharles O
245 0 _aScience of engineering materials
260 _aNew Delhi
_bPrentice Hall
_c1974
650 _aEngineering materials
942 _cBK
999 _c24290
_d24290